LDR 01267naa#a2200229#i#450# 001 RU\\bibl\120656 005 20260604000618.4 011 ## _a2076-0655 100 ## _a20260605b2026####ek#y0rusy0150####ca 101 0# _aRUS 102 ## _aRU 200 1# _aВЛИЯНИЕ ТЕХНОЛОГИЧЕСКИХ ПАРАМЕТРОВ ОКРАШИВАНИЯ НА ЭКСПЛУАТАЦИОННУЮ СТОЙКОСТЬ ЛАКОКРАСОЧНЫХ ПОКРЫТИЙ СТРОИТЕЛЬНЫХ КОНСТРУКЦИЙ _eЖурнальная статья 210 1# _aМосква _cИндивидуальный Предприниматель Самченко Светлана Васильевна _d2026 215 ## _a5 с. 608 ## _aЖурнальная статья _2local 675 ## _aКаучук, пластмассы и подобные полимерные строительные материалы. 691.17 _zRUS 686 ## _aМатериаловедение. 81.09 _2grnti 700 #1 _aПчельников _gАлександр Владимирович 700 #1 _aПичугин _gАнатолий Петрович 700 #1 _aТуляганов _gАлександр Константинович 700 #1 _aВагина _gТатьяна Александровна 856 4# _atsilicates.ru _u